Towards integrated curriculum in Islamic private schools in Southern Thailand : a study on the relationship between traditional and modern subjects /
Saved in:
| 主要作者: | |
|---|---|
| 格式: | Thesis |
| 语言: | English |
| 出版: |
Petaling Jaya
: International Islamic University Malaysia,
1995
|
| 主题: | |
| 在线阅读: | Click here to view 1st 24 pages of the thesis. Members can view fulltext at the specified PCs in the library. |
| 标签: |
添加标签
没有标签, 成为第一个标记此记录!
|
| LEADER | 023660000a22004090004500 | ||
|---|---|---|---|
| 001 | 111424 | ||
| 005 | 20081218163600.0 | ||
| 008 | 970314s1995 eng | ||
| 035 | |a 369640 | ||
| 035 | |a (Sirsi) 111424 | ||
| 040 | |a UIAM |b eng | ||
| 043 | |a a-th--- | ||
| 049 | |b m | ||
| 050 | |a LC910T5 | ||
| 100 | 0 | |a Ibrahem Narongraksakhet | |
| 245 | 1 | 0 | |a Towards integrated curriculum in Islamic private schools in Southern Thailand : |b a study on the relationship between traditional and modern subjects / |c by Ibrahem Narongraksakhet |
| 260 | 1 | |a Petaling Jaya |b : International Islamic University Malaysia, |c 1995 | |
| 300 | |a xi, 98 p. : map, ; 30 cm. | ||
| 500 | |a "A thesis submitted to the graduate Faculty in partial fulfilment of the requirements for degree of Master of Education."--On t.p. | ||
| 502 | |a (M. Ed.) -- International Islamic University Malaysia, 1995. | ||
| 504 | |a Includes bibliographical references (leaves 84-88). | ||
| 596 | |a 1 | ||
| 650 | 0 | |a Islamic education |x Curricula |z Thailand | |
| 650 | 0 | |a Islamic religious education |x Curricula |z Thailand | |
| 650 | 0 | |a Islamic religious education |x Research |z Thailand | |
| 650 | 0 | |a Islam |x Study and teaching Research | |
| 650 | 0 | |a Education, Secondary |x Research |z Thailand | |
| 655 | 0 | 7 | |a Theses, IIUM local |
| 690 | |a Dissertations, Academic |x Department of Education |z IIUM | ||
| 710 | 2 | |a International Islamic University Malaysia. |b Kulliyyah of Islamic Revealed Knowledge and Human Sciences. Department of Education | |
| 856 | 4 | |u http://studentrepo.iium.edu.my/handle/123456789/3970 |z Click here to view 1st 24 pages of the thesis. Members can view fulltext at the specified PCs in the library. | |
| 900 | |a ajh-sa-naw | ||
| 999 | |c 430855 |d 462346 | ||
| 952 | |0 0 |6 LU T LC910 T5 I14T 1995 |7 0 |8 THESES |9 750338 |a IIUM |b IIUM |c CLOSEACCES |g 0.00 |o lu t LC910 T5 I14T 1995 |p 00010981546 |r 2017-10-25 |t 1 |v 0.00 |y THESIS | ||
| 952 | |0 0 |6 LU T LC910 T5 I14T 1995 |7 0 |8 THESES |9 750339 |a IIUM |b IIUM |c CLOSEACCES |g 0.00 |o lu t LC910 T5 I14T 1995 |p 00000369643 |r 2017-10-25 |t 2 |v 0.00 |y THESIS | ||
| 952 | |0 0 |6 T LC910 T5 I14T 1995 |7 0 |8 THESES |9 750340 |a IIUM |b IIUM |c MULTIMEDIA |g 0.00 |o t LC910 T5 I14T 1995 |p 00011274652 |r 2017-10-19 |t 1 |v 0.00 |y THESIS | ||
| 952 | |0 0 |6 TS CDF LC910T5I14T 1995 |7 0 |8 THESES |9 793260 |a IIUM |b IIUM |c MULTIMEDIA |g 0.00 |o ts cdf LC910T5I14T 1995 |p 11100326381 |r 2017-10-27 |t 1 |v 0.00 |y THESISDIG | ||
